000 00689nas a2200229 4500
001 BR0707229
003 BR-BrBNA
005 20231205111346.0
007 ta
008 230509b bl.|||p| |||| 00| 00por d
040 _aBR-BrBNA
_bpor
_cBiblioteca Nacional de Agricultura
041 _a(Pt)
072 _aL40; L53
100 1 _aAlbuquerque, L.P. de
245 1 _aSobre uma nova espécie do gênero Scipopus Enderlein, 1922
650 _aINSETO
650 _aAPARELHO REPRODUTOR
650 _aAPARELHO DIGESTIVO
773 0 _tActa Amazonica (Brazil)
_xISSN 0044-5967
_g(Aug 1972), v. 2(2) p. 123-126
_wBR0707229
909 _a202311
_bLúcia
_c55
_dLúcia Elande
942 _2AGRIS
_n0
_cANA
999 _c192248
_d192248